Fr. Conceicao Rodrigues College of Engineering

Microwave Engineering (Record no. 31612)

MARC details
000 -LEADER
fixed length control field 00372nam a2200181Ia 4500
082 ## - DEWEY DECIMAL CLASSIFICATION NUMBER
Classification number 621.3813
Item number DAS
100 ## - MAIN ENTRY--PERSONAL NAME
Personal name Das/Annapurna/ Das/S.K
250 ## - EDITION STATEMENT
Edition statement 2
245 ## - TITLE STATEMENT
Title Microwave Engineering
260 ## - PUBLICATION, DISTRIBUTION, ETC.
Name of publisher, distributor, etc. McGraw Hill
Date of publication, distribution, etc. 2009
366 ## - TRADE AVAILABILITY INFORMATION
Publishers's discount category 20
300 ## - PHYSICAL DESCRIPTION
Extent 556
546 ## - LANGUAGE NOTE
Language note ENGLISH
-- TTL
650 ## - SUBJECT ADDED ENTRY--TOPICAL TERM
Topical term or geographic name entry element Microwave
654 ## - SUBJECT ADDED ENTRY--FACETED TOPICAL TERMS
Focus term microwave
942 ## - ADDED ENTRY ELEMENTS (KOHA)
Koha item type BOOK
Holdings
Withdrawn status Lost status Damaged status Not for loan Collection Home library Current library Date acquired Source of acquisition Cost, normal purchase price Inventory number Total Checkouts Full call number Barcode Date last seen Cost, replacement price Price effective from Koha item type
        CRC Fr. Agnel's C.Rodrigues College of Engineering Fr. Agnel's C.Rodrigues College of Engineering 17/03/2023 Book Base 200.00 9632 dt 28/04/2010   621.3813 DAS 20603 17/03/2023 250.00   BOOK